Statistics for All Highway Exits on A1 (Italy)

Click here to take the quiz!

General Stats

  • This quiz has been taken 9 times
  • The average score is 13 of 50

Answer Stats

RegionExit% Correct
TuscanyFirenze sud
88%
Emilia-RomagnaModena nord
88%
Emilia-RomagnaModena sud
88%
Emilia-RomagnaPiacenza sud
75%
TuscanyArezzo
50%
CampaniaCaserta nord
50%
CampaniaCaserta sud/Marcianise
50%
LazioFrosinone
50%
LombardyLodi
50%
Emilia-RomagnaParma
50%
Emilia-RomagnaReggio Emilia
50%
LazioTerni
50%
LombardyCasalpusterlengo/Ospedaletto Lodigiano
38%
Emilia-RomagnaFidenza/Salsomaggiore Terme
38%
LazioAnagni/Fiuggi Terme
25%
TuscanyCalenzano/Sesto Fiorentino
25%
CampaniaCapua
25%
LazioColleferro
25%
LazioFerentino
25%
LombardyMelegnano/Binasco
25%
UmbriaOrvieto
25%
TuscanyValdarno
25%
LazioValmontone
25%
UmbriaAttigliano
13%
TuscanyBarberino
13%
LombardyBasso Lodigiano
13%
CampaniaCaianello
13%
LazioCeprano
13%
TuscanyChiusi/Chianciano Terme
13%
UmbriaFabro
13%
Emilia-RomagnaFiorenzuola
13%
TuscanyIncisa
13%
LazioMagliano Sabina
13%
TuscanyMonte San Savino
13%
TuscanyParcheggio Villa Costanza
13%
Emilia-RomagnaPian del Voglio
13%
LazioPonzano Romano/Soratte
13%
Emilia-RomagnaRioveggio
13%
Emilia-RomagnaRoncobilaccio
13%
LombardySan Giuliano Milanese
13%
Emilia-RomagnaSasso Marconi nord
13%
Emilia-RomagnaTerre di Canossa/Campegine
13%
Emilia-RomagnaValsamoggia
13%
CampaniaCasoria
0%
CampaniaCasoria/C.A.A.N.
0%
LazioCassino
0%
LazioGuidonia Montecelio
0%
LazioPontecorvo/Castrocielo
0%
CampaniaSan Maria Capua Vetere
0%
LazioSan Vittore
0%

Score Distribution

Percentile by Number Answered

Percent of People with Each Score

Your Score History

You have not taken this quiz